000
00293nam a22001337a 4500
003
SGT
020
_a
9781032699875
082
_a
658
_b
PRA
100
_a
PRAKASH CHAND
245
_a
HANDBOOK OF DISRUPTIVE TECHNOLOGIES
260
_a
INDIA
_b
CRC PRESS
_c
2025
300
_a
202
942
_2
ddc
_c
BK
999
_c
33167
_d
33167